000 00298nam a22001337a 4500
008 170713b xxu||||| |||| 00| 0 eng d
020 _a39435608-X
041 _aeng
080 _a17
100 _a24
101 _aFIL
245 _aTHE ELEMENTS OF MORAL PHILOSOPHY
_cRACHELS,J
942 _2udc
_cBK
999 _c20654
_d20654